[Event "4NCL 3 South pool C"]
[Site "Telford, ENG"]
[Date "2016.04.30"]
[Round "9.59"]
[White "Millward, Kevin P"]
[Black "Bullen, Alex"]
[Result "1/2-1/2"]
[WhiteElo "1994"]
[BlackElo "2043"]
[PlyCount "136"]
[EventDate "2016.04.30"]

1. d4 Nf6 2. Bf4 d5 3. e3 c5 4. c3 Nc6 5. Nf3 Qb6 6. Qb3 c4 7. Qc2 Bf5 8. Qc1
e6 9. Nbd2 Be7 10. Be2 h6 11. b3 cxb3 12. axb3 Rc8 13. Qb2 O-O 14. O-O Nb4 15.
cxb4 Rc2 16. Qa3 Bxb4 17. Qxa7 Qxa7 18. Rxa7 Bxd2 19. Bd1 Rb2 20. Nxd2 Rxd2 21.
e4 Rxd4 22. Bd6 Nxe4 23. Bxf8 Kxf8 24. Rxb7 Rd2 25. Bf3 Nc3 26. Ra1 Kg8 27.
Ra8+ Kh7 28. Rxf7 Bg6 29. Re7 Rb2 30. h4 Rxb3 31. Raa7 h5 32. Rxg7+ Kh6 33. Rg8
Bf5 34. g4 hxg4 35. Bxg4 Bxg4 36. Rxg4 d4 37. Rag7 d3 38. R4g6+ Kh5 39. Rg5+
Kh6 40. R7g6+ Kh7 41. Rg7+ Kh6 42. Rd7 d2 43. Rxd2 Ne4 44. Re2 Nxg5 45. hxg5+
Kxg5 46. Rxe6 Kf4 47. Kg2 Rb2 48. Rf6+ Kg4 49. Rf7 Ra2 50. Rb7 Kf4 51. Rb4+ Kf5
52. Kg3 Ra6 53. Rb5+ Kf6 54. Kg4 Ra4+ 55. f4 Ra6 56. Rf5+ Kg6 57. Rg5+ Kf6 58.
Rh5 Kg7 59. Rf5 Kg6 60. Rf8 Kg7 61. Rb8 Kf6 62. Rb7 Rc6 63. Rd7 Ra6 64. Rh7 Kg6
65. Rh8 Kg7 66. Rh2 Kf7 67. Rh5 Kg7 68. Rf5 Kg6 1/2-1/2

[Event "4NCL 3 South pool C"]
[Site "Telford, ENG"]
[Date "2016.04.30"]
[Round "9.60"]
[White "Taylor, William J"]
[Black "Mc Aleenan, Charles"]
[Result "1/2-1/2"]
[WhiteElo "1991"]
[BlackElo "1900"]
[PlyCount "128"]
[EventDate "2016.04.30"]

1. e4 e6 2. d4 d5 3. Nd2 Nf6 4. e5 Nfd7 5. Bd3 c5 6. c3 Nc6 7. Ne2 cxd4 8. cxd4
f6 9. exf6 Nxf6 10. O-O Bd6 11. Nf3 Qc7 12. Bd2 O-O 13. Rc1 Bd7 14. Ng3 Qb6 15.
Bc3 Bf4 16. Rc2 Nb4 17. Bxb4 Qxb4 18. Ne2 Bd6 19. Nc3 Rae8 20. Re2 Re7 21. Qc2
g6 22. a3 Qa5 23. Ne5 Bxe5 24. Rxe5 Qb6 25. Ne2 Bb5 26. Bxb5 Qxb5 27. Nf4 Qb6
28. Qc5 Qxc5 29. dxc5 Rfe8 30. Rfe1 Kf7 31. b4 Ne4 32. f3 Nd2 33. R5e2 Nc4 34.
a4 g5 35. Nd3 e5 36. Nb2 Nxb2 37. Rxb2 Rc7 38. Rbe2 Kf6 39. Rd1 Rd8 40. Rde1
Re7 41. g3 Rdd7 42. Rd2 d4 43. Kf2 Rd5 44. Rc1 Rc7 45. Rcc2 a5 46. bxa5 Rdxc5
47. Rxc5 Rxc5 48. Rb2 Rc7 49. Ke2 Ke6 50. h3 Kd5 51. h4 gxh4 52. gxh4 Ke6 53.
h5 Kf5 54. Rb6 e4 55. fxe4+ Kxe4 56. Kd2 Rg7 57. Re6+ Kd5 58. Rb6 Kc4 59. a6
bxa6 60. Rxa6 Rg2+ 61. Ke1 Rg7 62. h6 Rf7 63. a5 Kb5 64. Rd6 Kxa5 1/2-1/2

[Event "4NCL 3 South pool C"]
[Site "Telford, ENG"]
[Date "2016.04.30"]
[Round "9.65"]
[White "Hunt, Malcolm A"]
[Black "Cooper, Lawrence H"]
[Result "0-1"]
[WhiteElo "2076"]
[BlackElo "2333"]
[PlyCount "84"]
[EventDate "2016.04.30"]

1. d4 Nf6 2. Bf4 g6 3. e3 Bg7 4. h3 O-O 5. Nf3 c5 6. c3 b6 7. Be2 Bb7 8. O-O d6
9. Nbd2 Nbd7 10. a4 a6 11. Nc4 Rc8 12. Rc1 Ne4 13. Ng5 b5 14. Nxe4 Bxe4 15.
axb5 axb5 16. Nd2 Bc6 17. Bf3 Qb6 18. Bxc6 Qxc6 19. Qf3 Qxf3 20. Nxf3 Ra8 21.
Ra1 c4 22. e4 h6 23. Rfe1 Nb6 24. e5 d5 25. e6 Rxa1 26. Rxa1 fxe6 27. Be5 Na4
28. Ra2 Bf6 29. Kf1 Ra8 30. h4 g5 31. hxg5 hxg5 32. g4 Kf7 33. Bg3 Ke8 34. Ne1
b4 35. Nf3 b3 36. Ra3 Kd7 37. Ke1 Kc6 38. Kd2 Kb7 39. Kc1 Nxc3 40. Rxa8 Na2+
41. Kd2 Kxa8 42. Bc7 Nb4 0-1

[Event "4NCL 3 South pool C"]
[Site "Telford, ENG"]
[Date "2016.04.30"]
[Round "9.66"]
[White "Sygnowski, Tomasz"]
[Black "Paterson, Andrew I"]
[Result "1-0"]
[WhiteElo "2275"]
[BlackElo "2095"]
[PlyCount "103"]
[EventDate "2016.04.30"]

1. e4 c5 2. Nf3 Nc6 3. d4 cxd4 4. Nxd4 e5 5. Nxc6 dxc6 6. Bd3 Bc5 7. Nc3 Qh4 8.
O-O Bg4 9. Qe1 Rd8 10. Na4 Bd4 11. Be3 Bc8 12. Bxd4 Rxd4 13. Qa5 Ne7 14. Nc3
Qg4 15. f4 b6 16. Qxa7 exf4 17. Qb8 O-O 18. Qxf4 Qxf4 19. Rxf4 Ng6 20. Rf2 Ne5
21. Be2 Rfd8 22. Rd1 f6 23. Rxd4 Rxd4 24. Kf1 b5 25. a3 Bg4 26. b3 Kf7 27. Ke1
Ke7 28. Bf1 b4 29. axb4 Rxb4 30. Rd2 Bh5 31. Be2 Bg6 32. Bf3 h5 33. Ke2 Bf7 34.
Rd1 g5 35. Ke3 Bg6 36. Ra1 Kd6 37. Ra6 Kc7 38. Ra7+ Kd6 39. Ra8 Nd7 40. Rg8 Ne5
41. Be2 Rb7 42. g3 Re7 43. Bd3 Bh7 44. Rd8+ Nd7 45. Kd2 Ke5 46. b4 h4 47. Ke3
Bg6 48. Na4 f5 49. exf5 Bxf5 50. Bxf5 Kxf5+ 51. Kf2 Ke4 52. Rxd7 1-0

[Event "4NCL 3 South pool C"]
[Site "Telford, ENG"]
[Date "2016.04.30"]
[Round "9.67"]
[White "Cooper, David M"]
[Black "Manelidou, Maria"]
[Result "1/2-1/2"]
[WhiteElo "2064"]
[BlackElo "2085"]
[PlyCount "37"]
[EventDate "2016.04.30"]

1. e4 e5 2. Nf3 Nc6 3. d4 exd4 4. Nxd4 Nf6 5. Nxc6 bxc6 6. Bd3 d5 7. O-O Be7 8.
e5 Nd7 9. f4 Bc5+ 10. Kh1 Qh4 11. Nd2 O-O 12. Nf3 Qh5 13. Qe2 Re8 14. Be3 Rb8
15. b3 f6 16. Bxc5 Nxc5 17. Qe3 Nxd3 18. cxd3 Bg4 19. Rae1 1/2-1/2

[Event "4NCL 3 South pool C"]
[Site "Telford, ENG"]
[Date "2016.04.30"]
[Round "9.68"]
[White "Holton, Jake"]
[Black "Page, Mark E"]
[Result "0-1"]
[WhiteElo "1862"]
[BlackElo "2068"]
[PlyCount "72"]
[EventDate "2016.04.30"]

1. d4 Nf6 2. c4 g6 3. Nf3 Bg7 4. g3 d6 5. Bg2 O-O 6. O-O Nbd7 7. Nc3 e5 8. e4
exd4 9. Nxd4 Re8 10. h3 a6 11. b3 Rb8 12. a4 c5 13. Nde2 Ne5 14. Ra2 Nc6 15.
Rd2 Bf8 16. f4 Qa5 17. Bb2 Nb4 18. Nc1 b5 19. axb5 axb5 20. Rxd6 Bxd6 21. Qxd6
Qb6 22. Qxb6 Rxb6 23. e5 bxc4 24. exf6 cxb3 25. Rd1 Be6 26. Ne4 c4 27. Ng5 Bf5
28. Bf1 Rc6 29. Bg2 Rcc8 30. Bc3 h6 31. Nf3 Rcd8 32. Rf1 Nd5 33. Bd4 Ne3 34.
Bxe3 b2 35. Ne2 Rxe3 36. Kf2 Rxe2+ 0-1

[Event "4NCL 3 South pool C"]
[Site "Telford, ENG"]
[Date "2016.04.30"]
[Round "9.69"]
[White "Ingram, Keith R"]
[Black "Guha, Chirag"]
[Result "0-1"]
[WhiteElo "1997"]
[BlackElo "1907"]
[PlyCount "100"]
[EventDate "2016.04.30"]

1. e4 e5 2. Bc4 Nf6 3. d4 exd4 4. Nf3 Nc6 5. O-O Nxe4 6. Nc3 Nxc3 7. bxc3 d5 8.
Bb5 Be7 9. cxd4 O-O 10. Rb1 Bg4 11. c3 h6 12. Ba4 Rb8 13. Re1 Bd6 14. Bc2 Ne7
15. Be3 Bf5 16. Nh4 Bxc2 17. Qxc2 Qd7 18. h3 b6 19. Qe2 a5 20. Qh5 f5 21. Bd2
Qe8 22. Qe2 Qf7 23. Nf3 Ng6 24. Qb5 Rbd8 25. a4 Kh7 26. Kh1 f4 27. Re2 Rfe8 28.
Rbe1 Rxe2 29. Rxe2 Rd7 30. Ne5 Bxe5 31. dxe5 Re7 32. e6 Rxe6 33. Qxd5 Rf6 34.
Qxf7 Rxf7 35. Re4 f3 36. g4 Rd7 37. Rd4 Re7 38. Kh2 Re2 39. Kg3 Ne5 40. Bf4 c5
41. Rd5 Nc4 42. g5 hxg5 43. Kxf3 Rc2 44. Bxg5 Rxc3+ 45. Kg4 Ra3 46. h4 Rxa4 47.
Bf4 Ra2 48. Rh5+ Kg8 49. Bg3 a4 50. Kf5 a3 0-1

[Event "4NCL 3 South pool C"]
[Site "Telford, ENG"]
[Date "2016.04.30"]
[Round "9.70"]
[White "Woodhouse, Stephen V"]
[Black "Cundy, Mark A"]
[Result "1/2-1/2"]
[WhiteElo "1855"]
[BlackElo "1945"]
[PlyCount "44"]
[EventDate "2016.04.30"]

1. e4 c5 2. c3 Nf6 3. e5 Nd5 4. d4 cxd4 5. Nf3 Nc6 6. cxd4 d6 7. Bc4 Nb6 8. Bb5
Bd7 9. Nc3 a6 10. Bxc6 bxc6 11. O-O e6 12. Re1 Nd5 13. Nxd5 cxd5 14. Bf4 Qb6
15. exd6 Bxd6 16. Bxd6 Qxd6 17. Ne5 O-O 18. Nxd7 Qxd7 19. Rc1 Rfc8 20. Qd2 h6
21. f3 Qb7 22. Kf2 Qb6 1/2-1/2

[Event "4NCL 3 South pool C"]
[Site "Telford, ENG"]
[Date "2016.04.30"]
[Round "9.75"]
[White "Mercs, Peter J"]
[Black "Ferrington, Nigel M"]
[Result "0-1"]
[WhiteElo "2110"]
[BlackElo "2267"]
[PlyCount "104"]
[EventDate "2016.04.30"]

1. e4 e5 2. Nf3 Nc6 3. d4 exd4 4. Nxd4 Nf6 5. Nxc6 bxc6 6. Bd3 d6 7. O-O g6 8.
Nc3 Nd7 9. f4 Bg7 10. Be3 O-O 11. Qe1 Re8 12. Qf2 c5 13. Kh1 Bb7 14. h3 Bxc3
15. bxc3 Bxe4 16. f5 Qf6 17. Qg3 Bxd3 18. cxd3 Qxc3 19. Bh6 Qe5 20. Qh4 Rab8
21. Rac1 Qd5 22. Rc2 Qxd3 23. Rcf2 Rb1 24. Rxb1 Qxb1+ 25. Kh2 Qe4 26. Qg3 c4
27. Rf3 Re5 28. Rf4 Qd5 29. Qc3 f6 30. Rd4 Qf7 31. fxg6 hxg6 32. Rxc4 Rc5 33.
Rxc5 Nxc5 34. Be3 Ne4 35. Qd4 Nc5 36. Qb4 Qe6 37. Qb8+ Kf7 38. Qxc7+ Qe7 39.
Qxe7+ Kxe7 40. g4 g5 41. h4 gxh4 42. Kh3 a6 43. Kxh4 Ne4 44. Kh3 Ke6 45. Kg2
Ke5 46. Kf3 Ng5+ 47. Ke2 Ke4 48. Bb6 Ne6 49. Bf2 d5 50. Bh4 Ng5 51. a4 Kf4 52.
Kd3 Kxg4 0-1

[Event "4NCL 3 South pool C"]
[Site "Telford, ENG"]
[Date "2016.04.30"]
[Round "9.76"]
[White "Rutter, Nick J"]
[Black "Madden, Paul"]
[Result "1/2-1/2"]
[WhiteElo "2290"]
[BlackElo "2079"]
[PlyCount "47"]
[EventDate "2016.04.30"]

1. e4 e6 2. d4 d5 3. Nc3 Nf6 4. Bg5 Bb4 5. e5 h6 6. Bd2 Bxc3 7. bxc3 Ne4 8. Qg4
g6 9. Bc1 Nxc3 10. Bd3 c5 11. dxc5 Nc6 12. Nf3 Qe7 13. Be3 Bd7 14. O-O O-O-O
15. Bd4 Na4 16. Rab1 g5 17. Be3 Nxc5 18. Bxc5 Qxc5 19. Rb5 Qa3 20. Rfb1 b6 21.
R5b3 Qc5 22. Rb5 Qa3 23. R5b3 Qc5 24. Rb5 1/2-1/2

[Event "4NCL 3 South pool C"]
[Site "Telford, ENG"]
[Date "2016.04.30"]
[Round "9.77"]
[White "Walker, Andrew N"]
[Black "Gostelow, David W"]
[Result "1/2-1/2"]
[WhiteElo "2069"]
[BlackElo "2050"]
[PlyCount "38"]
[EventDate "2016.04.30"]

1. e4 c5 2. Nc3 e6 3. g3 d5 4. exd5 exd5 5. Bg2 d4 6. Qe2+ Be7 7. Nd5 Nc6 8. d3
Be6 9. Nf4 Bd7 10. Nf3 Nf6 11. O-O O-O 12. Ne5 Nxe5 13. Qxe5 Bc6 14. Bxc6 bxc6
15. Bd2 Re8 16. Nh5 Qd5 17. Nxf6+ Bxf6 18. Qxd5 cxd5 19. Rfe1 c4 1/2-1/2

[Event "4NCL 3 South pool C"]
[Site "Telford, ENG"]
[Date "2016.04.30"]
[Round "9.78"]
[White "Hopkins, Jamie R"]
[Black "Willow, Jonah B"]
[Result "0-1"]
[WhiteElo "2057"]
[BlackElo "2095"]
[PlyCount "80"]
[EventDate "2016.04.30"]

1. c4 e5 2. g3 Nf6 3. Bg2 d5 4. cxd5 Nxd5 5. Nc3 Nb6 6. Nf3 Nc6 7. O-O Be7 8.
d3 Be6 9. a3 O-O 10. b4 a5 11. b5 Nd4 12. Nd2 Nd5 13. Bxd5 Bxd5 14. e3 Nxb5 15.
Nxb5 Bc6 16. a4 Qxd3 17. Qb3 Qd7 18. Nc3 Bb4 19. Nc4 Qd3 20. Ra3 Bxa3 21. Nxe5
Qd6 22. Bxa3 Qxe5 23. Bxf8 Rxf8 24. Nb5 Bxb5 25. axb5 Ra8 26. Qa4 Qc5 27. Rb1
c6 28. bxc6 Qxc6 29. Qxc6 bxc6 30. Rb6 c5 31. Rc6 a4 32. Rxc5 a3 33. Rc1 a2 34.
Ra1 Kf8 35. Kf1 Ke7 36. Ke2 Kd6 37. Kd2 Kd5 38. f3 Ra3 39. h3 Kc4 40. Ke2 Kc3
0-1

[Event "4NCL 3 South pool C"]
[Site "Telford, ENG"]
[Date "2016.04.30"]
[Round "9.79"]
[White "George, Matthew P"]
[Black "Paul, Nathanael"]
[Result "1/2-1/2"]
[WhiteElo "2000"]
[BlackElo "2027"]
[PlyCount "80"]
[EventDate "2016.04.30"]

1. c4 Nf6 2. Nc3 g6 3. e4 d6 4. d4 Bg7 5. Be2 O-O 6. Nf3 c5 7. h3 cxd4 8. Nxd4
Nc6 9. Be3 Bd7 10. O-O a6 11. Qd2 Rc8 12. f4 Qa5 13. Nf3 Rfd8 14. Rfd1 Be8 15.
Rac1 e6 16. Qe1 d5 17. cxd5 exd5 18. e5 Ne4 19. Nxe4 Qxe1+ 20. Nxe1 dxe4 21.
Bb6 Rxd1 22. Rxd1 g5 23. g3 gxf4 24. gxf4 Ne7 25. Kf2 Ng6 26. Ke3 Bh6 27. Kxe4
Bxf4 28. h4 Bh6 29. h5 Ne7 30. Rd8 Rxd8 31. Bxd8 Bc6+ 32. Kd4 Nf5+ 33. Kc3 Ne3
34. Nd3 Nd5+ 35. Kb3 Nf4 36. Nxf4 Bxf4 37. Bf6 Be3 38. Bg4 b5 39. a3 Bd4 40.
Bf5 Bd5+ 1/2-1/2

[Event "4NCL 3 South pool C"]
[Site "Telford, ENG"]
[Date "2016.04.30"]
[Round "9.80"]
[White "Bryant, Richard B E"]
[Black "Garnett, John S"]
[Result "1/2-1/2"]
[WhiteElo "2057"]
[BlackElo "1989"]
[PlyCount "89"]
[EventDate "2016.04.30"]

1. e4 c5 2. Nc3 Nc6 3. g3 g6 4. Bg2 Bg7 5. d3 d6 6. Nh3 e6 7. O-O Nge7 8. Bg5
a6 9. Qd2 h6 10. Be3 Qc7 11. f4 f5 12. e5 dxe5 13. Bxc5 Nd4 14. Bxe7 Qxe7 15.
fxe5 Qc5 16. Kh1 Bd7 17. Rae1 Bc6 18. Qf2 O-O-O 19. Nf4 g5 20. Bxc6 Qxc6+ 21.
Ng2 h5 22. Ne2 Nxe2 23. Rxe2 h4 24. gxh4 Rxh4 25. Qf3 Qxf3 26. Rxf3 Rh7 27. Ne3
g4 28. Rf4 Bxe5 29. Rc4+ Bc7 30. Nf1 Kb8 31. Rxe6 g3 32. h4 f4 33. Kg2 Rf8 34.
Nd2 Rxh4 35. Nf3 Rh7 36. Rce4 Rc8 37. d4 Ka7 38. c4 b5 39. c5 Rd7 40. Rh6 a5
41. Rh5 Rcd8 42. Re6 Rd5 43. Rh7 R8d7 44. Rhh6 Rd8 45. Rh7 1/2-1/2

[Event "4NCL 3 South pool C"]
[Site "Telford, ENG"]
[Date "2016.04.30"]
[Round "9.85"]
[White "Gill, Oliver"]
[Black "Wallis, Ian J"]
[Result "1/2-1/2"]
[WhiteElo "2104"]
[BlackElo "2125"]
[PlyCount "135"]
[EventDate "2016.04.30"]

1. e4 e5 2. Nf3 Nc6 3. Bb5 a6 4. Bxc6 dxc6 5. d4 exd4 6. Qxd4 Qxd4 7. Nxd4 c5
8. Ne2 f6 9. Nbc3 Be6 10. Nf4 Bf7 11. Nfd5 Bxd5 12. Nxd5 O-O-O 13. Bf4 Bd6 14.
O-O-O Ne7 15. Bxd6 Nxd5 16. Bxc5 Nf4 17. g3 Ne6 18. Be3 Rhe8 19. Rxd8+ Nxd8 20.
f3 f5 21. Bd4 Ne6 22. Bc3 fxe4 23. fxe4 g6 24. Rf1 Nc5 25. e5 Ne4 26. Rf7 Nxc3
27. bxc3 h5 28. Rg7 h4 29. Rxg6 Rxe5 30. gxh4 Re2 31. Rg7 Rxh2 32. Rh7 b6 33.
h5 a5 34. h6 Kb7 35. Kb2 Kc6 36. Kb3 b5 37. Rh8 Kb7 38. h7 Rh4 39. Kb2 Ka7 40.
Kc1 Kb7 41. Kb2 Ka7 42. Kc1 Kb7 43. Kd2 Ka7 44. Ke3 Kb7 45. Kf3 Rh1 46. a3 Rh4
47. Ke3 Ka7 48. Kd2 Kb7 49. c4 bxc4 50. Ke3 Ka7 51. Kf3 Kb7 52. Kg3 Rh1 53. Kf4
Rh5 54. Ke4 Ka7 55. Kd4 c3 56. Kxc3 Rh4 57. Kb3 Kb7 58. c4 Kc6 59. Ka4 Rxc4+
60. Kxa5 Rh4 61. a4 Kb7 62. Kb5 Rh5+ 63. Kc4 Ka7 64. a5 Kb7 65. a6+ Ka7 66. Kd4
c5+ 67. Kc4 Rh1 68. Kxc5 1/2-1/2

[Event "4NCL 3 South pool C"]
[Site "Telford, ENG"]
[Date "2016.04.30"]
[Round "9.86"]
[White "Myall, Ivan J"]
[Black "De Coverly, Roger D"]
[Result "1/2-1/2"]
[WhiteElo "2087"]
[BlackElo "2076"]
[PlyCount "56"]
[EventDate "2016.04.30"]

1. e4 e5 2. Nc3 Nc6 3. Bc4 Nf6 4. d3 Bc5 5. f4 O-O 6. Nf3 Ng4 7. Rf1 d6 8. f5
Ne3 9. Bxe3 Bxe3 10. Nd5 Bh6 11. a3 Na5 12. Ba2 c6 13. Nc3 b5 14. Qe2 Rb8 15.
b4 Nb7 16. Nd1 d5 17. Ne3 g6 18. Ng4 Bg7 19. O-O-O gxf5 20. exf5 f6 21. Nh4 a5
22. Rf3 axb4 23. Qd2 Nd6 24. Nh6+ Kh8 25. Rh3 Qa5 26. Ng6+ hxg6 27. Nf7+ Kg8
28. Nh6+ Kh8 1/2-1/2

[Event "4NCL 3 South pool C"]
[Site "Telford, ENG"]
[Date "2016.04.30"]
[Round "9.87"]
[White "Pleasants, Allan J"]
[Black "Fogg, Martin"]
[Result "1-0"]
[WhiteElo "2043"]
[BlackElo "2050"]
[PlyCount "173"]
[EventDate "2016.04.30"]

1. e4 c5 2. d4 cxd4 3. c3 g6 4. Nf3 Bg7 5. Bc4 d6 6. cxd4 Nf6 7. Nc3 O-O 8. O-O
Nfd7 9. Be3 Nc6 10. Qd2 Nb6 11. Be2 d5 12. Bh6 dxe4 13. Nxe4 Nd5 14. Bxg7 Kxg7
15. a3 Qc7 16. Nc3 Be6 17. Bb5 Rad8 18. Rac1 Qb6 19. Bxc6 bxc6 20. Na4 Qb5 21.
Nc5 Bf5 22. Rfe1 Rfe8 23. Nh4 Bc8 24. f4 Nf6 25. Nf3 Rd5 26. h3 Nd7 27. Nxd7
Bxd7 28. Qc3 a5 29. Re5 a4 30. Rce1 e6 31. R5e2 Rc8 32. Ne5 Be8 33. Nd3 Rcd8
34. Re4 Kg8 35. Nb4 R5d6 36. Re5 Qb6 37. Qc5 Qxc5 38. dxc5 Rd2 39. R1e2 R2d4
40. g3 Kg7 41. Kf2 h5 42. R5e4 Rd1 43. Na2 R1d5 44. Rc4 h4 45. g4 Rd3 46. Rc3
R3d4 47. Ke3 f6 48. Nb4 e5 49. fxe5 fxe5 50. Rd3 Bf7 51. Red2 Rxd3+ 52. Nxd3
Kf6 53. Rf2+ Ke6 54. g5 Be8 55. Nb4 Rd1 56. Rf6+ Ke7 57. Nxc6+ Bxc6 58. Rxc6
Rh1 59. Rxg6 Rxh3+ 60. Ke4 Rb3 61. Kxe5 h3 62. Rg7+ Kf8 63. Rh7 Rxb2 64. Rxh3
Rb3 65. Rh7 Rxa3 66. Ra7 Rc3 67. Kf6 Rf3+ 68. Ke6 Re3+ 69. Kd6 a3 70. c6 Rd3+
71. Ke6 Re3+ 72. Kd5 Rc3 73. g6 Kg8 74. Kd6 Rd3+ 75. Kc7 Re3 76. Kb8 Rb3+ 77.
Ka8 a2 78. Rxa2 Rc3 79. Kb7 Rb3+ 80. Kc7 Kg7 81. Rg2 Rb1 82. Kc8 Rd1 83. c7 Rc1
84. Rg4 Rd1 85. Rg5 Rb1 86. Kd7 Rd1+ 87. Kc6 1-0

[Event "4NCL 3 South pool C"]
[Site "Telford, ENG"]
[Date "2016.04.30"]
[Round "9.88"]
[White "Peck, Silas"]
[Black "Simons, Martin J"]
[Result "1/2-1/2"]
[WhiteElo "1940"]
[BlackElo "2018"]
[PlyCount "104"]
[EventDate "2016.04.30"]

1. e4 d5 2. exd5 Nf6 3. d4 Bg4 4. Nf3 Qxd5 5. Be2 Nc6 6. h3 Bf5 7. c4 Qd7 8. d5
Nb4 9. Nd4 e5 10. Nxf5 Qxf5 11. O-O Qc2 12. a3 Qxd1 13. Bxd1 Nd3 14. Ba4+ Nd7
15. Bxd7+ Kxd7 16. Nc3 f5 17. b4 a5 18. b5 Nxc1 19. Rfxc1 Bc5 20. a4 b6 21. Ra2
Kd6 22. Nb1 e4 23. Nd2 e3 24. fxe3 Rae8 25. Kh1 Bxe3 26. Rd1 Bxd2 27. Raxd2 Re4
28. Rc2 Rhe8 29. Kh2 Re2 30. Rcc1 R8e4 31. Rd3 Ra2 32. c5+ bxc5 33. Rdc3 c4 34.
Rxc4 Rxc4 35. Rxc4 g6 36. Kg3 g5 37. Kf3 Kd7 38. g3 Ra3+ 39. Kf2 Rd3 40. Rc5 f4
41. gxf4 gxf4 42. Rc4 Rxh3 43. Rxf4 Ra3 44. Rh4 Kd6 45. Ke2 Kxd5 46. Kd2 Rb3
47. Rxh7 Rb4 48. Rxc7 Rxa4 49. Kc3 Rb4 50. Rb7 Kc5 51. Rb8 Rxb5 52. Rxb5+ Kxb5
1/2-1/2

[Event "4NCL 3 South pool C"]
[Site "Telford, ENG"]
[Date "2016.04.30"]
[Round "9.89"]
[White "Adaway, William"]
[Black "Brown, David"]
[Result "1/2-1/2"]
[WhiteElo "1988"]
[BlackElo "1951"]
[PlyCount "43"]
[EventDate "2016.04.30"]

1. e4 e5 2. Nc3 Nf6 3. g3 Nc6 4. Nf3 Bc5 5. Bg2 O-O 6. O-O Re8 7. d3 a6 8. Bg5
h6 9. Be3 Ba7 10. Nh4 d6 11. h3 Nh7 12. Nd5 Ne7 13. Nxe7+ Qxe7 14. Nf5 Bxf5 15.
exf5 c6 16. Bxa7 Rxa7 17. Qd2 Raa8 18. Rae1 Qf6 19. Qb4 Re7 20. f4 Rae8 21.
fxe5 dxe5 22. Kh2 1/2-1/2

[Event "4NCL 3 South pool C"]
[Site "Telford, ENG"]
[Date "2016.04.30"]
[Round "9.90"]
[White "Cocks, Elliot"]
[Black "Gregory, Keith D F"]
[Result "1/2-1/2"]
[WhiteElo "1892"]
[BlackElo "1996"]
[PlyCount "32"]
[EventDate "2016.04.30"]

1. d4 d6 2. Nf3 Nd7 3. e4 e5 4. Bc4 Be7 5. dxe5 Nxe5 6. Nxe5 dxe5 7. Qh5 g6 8.
Qxe5 Nf6 9. Bh6 Rg8 10. Qb5+ Qd7 11. O-O Qxb5 12. Bxb5+ c6 13. Bd3 g5 14. h4
gxh4 15. e5 Ng4 16. Bf4 h5 1/2-1/2

[Event "4NCL 3 South pool D"]
[Site "Telford, ENG"]
[Date "2016.05.02"]
[Round "11.95"]
[White "Hewitt, William"]
[Black "Jones, Steven A"]
[Result "0-1"]
[WhiteElo "2036"]
[BlackElo "2211"]
[PlyCount "114"]
[EventDate "2016.05.02"]

1. e4 e5 2. Nf3 Nc6 3. Bb5 a6 4. Ba4 Nf6 5. d3 d6 6. c3 Bd7 7. O-O g6 8. Re1
Bg7 9. Nbd2 O-O 10. d4 b5 11. Bb3 Nh5 12. dxe5 dxe5 13. Nf1 Nf4 14. Ne3 Na5 15.
Bc2 Bc6 16. g3 Qxd1 17. Nxd1 Ne6 18. Ng5 Nxg5 19. Bxg5 h6 20. Be7 Rfe8 21. Bc5
Nb7 22. Be3 Bf8 23. f3 Rad8 24. Kf2 Kg7 25. Ke2 Nd6 26. b3 f5 27. Nf2 Be7 28.
Bd3 Bg5 29. Rad1 Bxe3 30. Kxe3 Kf6 31. Rd2 g5 32. exf5 Nxf5+ 33. Ke2 Nd6 34.
Be4 Nxe4 35. Nxe4+ Kf5 36. Rxd8 Rxd8 37. Nc5 g4 38. fxg4+ Kxg4 39. Nxa6 Kh3 40.
Nb4 Bg2 41. Nd3 e4 42. Nf4+ Kxh2 43. Ke3 Bf3 44. a4 bxa4 45. bxa4 Ra8 46. Ra1
Kxg3 47. a5 h5 48. Rg1+ Kh2 49. Rg5 h4 50. Ng6 h3 51. Ne5 Bg2 52. Ng4+ Kg1 53.
Nf2 h2 54. Rb5 Rf8 55. Rb1+ Bf1 56. Nh3+ Kg2 57. Nf4+ Rxf4 0-1

[Event "4NCL 3 South pool D"]
[Site "Telford, ENG"]
[Date "2016.05.02"]
[Round "11.96"]
[White "Singleton, Michael P F"]
[Black "Trevelyan, John"]
[Result "0-1"]
[WhiteElo "2122"]
[BlackElo "2056"]
[PlyCount "110"]
[EventDate "2016.05.02"]

1. d4 d6 2. c4 e5 3. d5 f5 4. Nc3 g6 5. e4 Bh6 6. Nf3 Bxc1 7. Qxc1 f4 8. h4 Bg4
9. c5 a6 10. Nd2 Ne7 11. f3 Bd7 12. Nc4 Nc8 13. Qc2 Bb5 14. Nxb5 axb5 15. Na3
c6 16. O-O-O Qe7 17. dxc6 bxc6 18. cxd6 Nxd6 19. Qb3 Nf7 20. Nxb5 cxb5 21.
Bxb5+ Kf8 22. h5 Kg7 23. hxg6 Rc8+ 24. Kb1 hxg6 25. Bc4 Ng5 26. Bd5 Ra7 27. Qb6
Rac7 28. Rc1 Rxc1+ 29. Rxc1 Rxc1+ 30. Kxc1 Nd7 31. Qb5 Nc5 32. a4 Qc7 33. Kd2
Nge6 34. a5 Nd4 35. Qb6 Qxb6 36. axb6 Kf8 37. Kc3 Na4+ 38. Kc4 Ke7 39. b7 Nb6+
40. Kb4 Nd7 41. Ka5 Kd6 42. b4 Kc7 43. Ka6 Kb8 44. b5 g5 45. Bc6 Nc5+ 46. Kb6
Nd3 47. Bd7 Ne1 48. Bh3 Nexf3 49. gxf3 Nxf3 50. Kc5 Ng1 51. Bf1 g4 52. Kd5 Nf3
53. Be2 Kxb7 54. Kc4 Nh2 55. Kd3 g3 0-1

[Event "4NCL 3 South pool D"]
[Site "Telford, ENG"]
[Date "2016.05.02"]
[Round "11.97"]
[White "Heaven, Peter"]
[Black "Shepherd, Paul D"]
[Result "1/2-1/2"]
[WhiteElo "2025"]
[BlackElo "2080"]
[PlyCount "74"]
[EventDate "2016.05.02"]

1. e4 c5 2. Nf3 e6 3. d4 cxd4 4. Nxd4 Nc6 5. Nc3 Qc7 6. Be3 a6 7. Be2 Nf6 8.
O-O Bb4 9. Nxc6 bxc6 10. Qd4 c5 11. Qc4 Bb7 12. a3 d5 13. exd5 exd5 14. Qb3
Bxc3 15. Qxc3 d4 16. Bxd4 Ne4 17. Qc4 Nd2 18. Qxc5 Qxc5 19. Bxc5 Nxf1 20. Kxf1
O-O-O 21. b4 Rhe8 22. Be3 f5 23. a4 Rd6 24. c4 g5 25. c5 Rh6 26. c6 Rxc6 27. b5
axb5 28. axb5 Rce6 29. Rc1+ Kd7 30. b6 Bc6 31. Bd3 f4 32. Bd4 Rd6 33. Bf5+ Kd8
34. Bc3 Bb5+ 35. Kg1 Bd7 36. Bb4 Rxb6 37. Ba5 Bxf5 1/2-1/2

[Event "4NCL 3 South pool D"]
[Site "Telford, ENG"]
[Date "2016.05.02"]
[Round "11.98"]
[White "Crombleholme, Alan K"]
[Black "Ralphs, Nigel"]
[Result "1/2-1/2"]
[WhiteElo "2052"]
[BlackElo "2001"]
[PlyCount "75"]
[EventDate "2016.05.02"]

1. Nf3 d5 2. g3 c6 3. Bg2 Nf6 4. O-O Bf5 5. d3 h6 6. Nbd2 Nbd7 7. Qe1 e5 8. e4
dxe4 9. dxe4 Be6 10. Qe2 Bd6 11. b3 O-O 12. Nc4 Bxc4 13. Qxc4 Qc7 14. Nh4 Rfd8
15. Nf5 Bf8 16. Bb2 b5 17. Qe2 g6 18. Ne3 Bg7 19. f4 Re8 20. f5 Rad8 21. Kh1
Nf8 22. a4 a6 23. Bc3 Qd6 24. Ba5 Rd7 25. Rfd1 Qc5 26. Rxd7 N8xd7 27. axb5 axb5
28. Be1 Nxe4 29. Bxe4 Qd4 30. Bxc6 Qxa1 31. Bxd7 Rd8 32. Bxb5 e4 33. Kg2 Bc3
34. Kf1 Rd2 35. Qc4 Rf2+ 36. Kxf2 Qxe1+ 37. Kg2 Qxe3 38. fxg6 1/2-1/2

[Event "4NCL 3 South pool D"]
[Site "Telford, ENG"]
[Date "2016.05.02"]
[Round "11.99"]
[White "Van Kemenade, Rudy"]
[Black "Alcock, Graham P"]
[Result "1-0"]
[WhiteElo "1957"]
[BlackElo "1772"]
[PlyCount "69"]
[EventDate "2016.05.02"]

1. f4 b6 2. e4 Bb7 3. d3 e6 4. Nf3 c5 5. g3 Be7 6. Bg2 d6 7. O-O Nf6 8. c4 O-O
9. Nc3 Nc6 10. h3 Nd7 11. Kh1 f5 12. exf5 exf5 13. Nd5 Nf6 14. Ng5 Qd7 15.
Nxf6+ Bxf6 16. Bd5+ Kh8 17. Nxh7 Nd4 18. Nxf8 Bxd5+ 19. cxd5 Rxf8 20. Be3 Qf7
21. Bxd4 Qxd5+ 22. Qf3 Qxd4 23. Qh5+ Kg8 24. Qxf5 Qe3 25. Qd5+ Kh8 26. Qf3 Qd4
27. Rae1 Qxb2 28. Qh5+ Kg8 29. Qd5+ Kh8 30. Qxd6 Rd8 31. Qc6 Qxa2 32. Re8+ Rxe8
33. Qxe8+ Kh7 34. Qh5+ Kg8 35. Re1 1-0

[Event "4NCL 3 South pool D"]
[Site "Telford, ENG"]
[Date "2016.05.02"]
[Round "11.99"]
[White "Durrant, Paul Eo"]
[Black "Taylor, Robert Graham"]
[Result "0-1"]
[WhiteElo "1564"]
[BlackElo "1920"]
[PlyCount "65"]
[EventDate "2016.05.02"]

1. e4 c5 2. d4 cxd4 3. c3 dxc3 4. Nxc3 Nc6 5. Nf3 d6 6. Bc4 e6 7. O-O Be7 8.
Qe2 a6 9. Rd1 Qa5 10. Bf4 Ne5 11. Bxe5 dxe5 12. a3 b5 13. Ba2 Qc7 14. Rac1 Qb8
15. b4 Nf6 16. h3 O-O 17. g4 Ra7 18. Bb3 Rd7 19. Re1 Rfd8 20. Bc2 Bb7 21. Bb1
Rc8 22. Qb2 Bd8 23. Na2 Rxc1 24. Nxc1 Bb6 25. Nb3 h5 26. Nxe5 Rd8 27. g5 Nh7
28. g6 fxg6 29. Nxg6 Ng5 30. Re2 Nxh3+ 31. Kg2 Nf4+ 32. Nxf4 Qxf4 33. Nd2 0-1